UM Logo
Normal view MARC view
  • Ramon C. Sunico

Entry Personal Name

Number of records used in: 1

001 - CONTROL NUMBER

  • control field: 31826

003 - CONTROL NUMBER IDENTIFIER

  • control field: OSt

005 - DATE AND TIME OF LATEST TRANSACTION

  • control field: 20180928115546.0

008 - FIXED-LENGTH DATA ELEMENTS

  • fixed length control field: 180928|| aca||aabn | a|a d

040 ## - CATALOGING SOURCE

  • Original cataloging agency: OSt

100 ## - HEADING--PERSONAL NAME

  • Personal name: Ramon C. Sunico